| 000 | 00634nam a2200169 4500 | ||
|---|---|---|---|
| 008 | 240701b |||||||| |||| 00| 0 eng d | ||
| 082 |
_a303.69 _bBUR |
||
| 100 | _aBurke, Adam | ||
| 245 |
_aDonors and peacebuilding in Sri Lanka 200-2005: _bpart of the Sri Lanka strategic conflict assessment 2005 |
||
| 260 |
_aColombo: _bAsia Foundation, _c2005 |
||
| 300 |
_a45 p. _bBibliography included |
||
| 440 |
_aSix-part series _vNo.2 |
||
| 650 | _aPEACEBUILDING-Sri Lanka | ||
| 700 | _aMulakala, Anthea | ||
| 856 | _uhttps://documents1.worldbank.org/curated/en/815421468102539289/pdf/631760WP0Sri0L00Box0361508B0PUBLIC0.pdf | ||
| 942 | _cRP | ||
| 999 |
_c4962 _d4962 |
||